00986nam a2200253Ia 450000500170000000800390001702000150005604100080007110000570007924501840013625000220032026400430034230000410038533600270042633700330045333800280048649000250051465000290053965000390056865000300060770000480063704000350068508400120072020220316235335.0121119s2002 ck a jr 000 f spa a95830022080 aspa1 aQuevedo y Villegas, Francisco Gómez de,d1580-164510aHistoria de la vida del buscón llamado don Pablosbejemplo de vagabundos y espejo de tacañoscFrancisco de Quevedo y Villegas ; ilustraciones de Henry Javier González Torres aTercera edición 1aBogotábPanamericana editorialc2002 a252 páginasbilustracionesc21 cm. atextobtxt2rdacontent asin mediaciónbn2rdamedia avolumenbnc2rdacarrier0 aLiteratura universal142LEMBaLiteratura juvenil142LEMBaNovela españolay1500-1700142LEMBaSátira española1 aGonzález Torres, Henry Javiereilustrador aCO-BoRNBPbspaerdacCO-BoRNBP aN QUE2